ديوان الانشاء وتطوره فى عصرى الأيوبيين والمماليك

محفوظ في:

المؤلف الرئيسي: عفاف سيد صبره

التنسيق: كتاب

اللغة: Undetermined

الوسوم: إضافة وسم

لا توجد وسوم, كن أول من يضع وسما على هذه التسجيلة!

رقم الطلب: Diss.,86 H.R.

LEADER 00391nam a2200133Ia 4500
008 231106s9999||||xx |||||||||||||| ||und||
050 4 |a Diss.,86 H.R.  
100 1 |a عفاف سيد صبره  
245 1 0 |a ديوان الانشاء وتطوره فى عصرى الأيوبيين والمماليك  
264 |c 1971. 
300 |a v.1-2 
504 |a ماجستير  
942 |2 lcc  |c BK 
999 |c 54994  |d 54994